[Event "DVM U16 2007"]
[Site "Uelzen GER"]
[Date "2007.12.28"]
[Round "4"]
[White "Stockhuß, Kevin"]
[Black "Oltmanns, Ingmar"]
[Result "0-1"]
[Termination "normal"]
[Board "4.2"]
[WhiteElo "1803"]
[BlackElo "1929"]
[WhiteTeam "Brackweder SK"]
[BlackTeam "USG Chemnitz"]
[PlyCount "68"]
[BlackFideId "4613910"]
[EventCountry "GER"]
[EventRounds "7"]
[EventType "team-swiss"]
[EventDate "2007.12.26"]

1. e4 c6 2. d4 d5 3. Nc3 dxe4 4. Nxe4 Nf6 5. Nxf6+ exf6 6. c3 Bd6 7. Bd3 O-O 8.
Qc2 Re8+ 9. Ne2 h6 10. O-O Qc7 11. Ng3 Nd7 12. f4 c5 13. dxc5 Nxc5 14. Ne4 Nxd3
15. Qxd3 Bf8 16. Ng3 b6 17. f5 Bb7 18. Bf4 Qc6 19. Qc2 Rad8 20. Rad1 Rxd1 21.
Rxd1 Qc4 22. Qd2 Qxa2 23. Nh5 Qc4 24. Re1 Rxe1+ 25. Qxe1 Qd5 26. Qd2 Qxf5 27.
Ng3 Qb1+ 28. Kf2 Bc5+ 29. Be3 Bxe3+ 30. Kxe3 Qg1+ 31. Kf4 Qxg2 32. Qd8+ Kh7 33.
Qd3+ g6 34. Qd7 Qf3# 0-1

[Event "DVM U16 2007"]
[Site "Uelzen GER"]
[Date "2007.12.28"]
[Round "4"]
[White "Leschner, Marius"]
[Black "Olyschläger, Richard"]
[Result "1/2-1/2"]
[Termination "normal"]
[Board "4.3"]
[WhiteElo "1756"]
[BlackElo "1884"]
[WhiteTeam "USG Chemnitz"]
[BlackTeam "Brackweder SK"]
[PlyCount "78"]
[WhiteFideId "4613813"]
[BlackFideId "24630209"]
[EventCountry "GER"]
[EventRounds "7"]
[EventType "team-swiss"]
[EventDate "2007.12.26"]

1. e4 c5 2. f4 d5 3. Nc3 dxe4 4. Nxe4 Nd7 5. Nf3 Ngf6 6. d3 b6 7. g3 Bb7 8. Qe2
e6 9. Bg2 Be7 10. O-O O-O 11. b3 Qc7 12. Bb2 Rad8 13. Ne5 Nd5 14. Rae1 f6 15.
Nxd7 Qxd7 16. Bh3 Nc7 17. Nd2 Bc8 18. Nf3 Bd6 19. d4 Rfe8 20. c4 Qf7 21. Ne5
Bxe5 22. dxe5 f5 23. Bg2 Na6 24. Rd1 {(=)} 24... Bb7 25. Bc3 Bxg2 26. Qxg2 Qc7
27. g4 fxg4 28. Qxg4 Qf7 29. Rxd8 Rxd8 30. f5 exf5 31. Rxf5 Qg6 32. Qxg6 hxg6
33. Rf3 Nc7 34. Kf2 Ne6 35. Ke3 Rd7 36. Rg3 {(=)} 36... g5 37. Ke4 Kf7 38. Rd3
Rxd3 39. Kxd3 Nf4+ 1/2-1/2

[Event "DVM U16 2007"]
[Site "Uelzen GER"]
[Date "2007.12.28"]
[Round "4"]
[White "Spisla, Dominik"]
[Black "Allert, Maximilian"]
[Result "1/2-1/2"]
[Termination "normal"]
[Board "4.4"]
[WhiteElo "1706"]
[BlackElo "1742"]
[WhiteTeam "Brackweder SK"]
[BlackTeam "USG Chemnitz"]
[PlyCount "68"]
[WhiteFideId "24676306"]
[EventCountry "GER"]
[EventRounds "7"]
[EventType "team-swiss"]
[EventDate "2007.12.26"]

1. d4 Nf6 2. Bg5 g6 3. Nd2 d5 4. Bxf6 exf6 5. e4 dxe4 6. Nxe4 Bg7 7. c3 O-O 8.
Bd3 Re8 9. Ne2 f5 10. Nd2 b6 11. O-O Bb7 12. f3 Qg5 13. Nb3 Nd7 14. Ng3 f4 15.
Ne4 Qd8 16. Qc2 f5 17. Nf2 Nf6 18. Rae1 Nd5 19. Nd1 Ne3 20. Nxe3 fxe3 21. Bc4+
Kh8 22. f4 Qh4 23. Be2 Re7 24. g3 Qf6 25. Bf3 Bxf3 26. Rxf3 Rae8 27. Qd3 Qe6
28. d5 Qe4 29. Qxe4 Rxe4 30. Re2 Bf6 31. Na1 Rd8 32. Rexe3 Rxe3 33. Rxe3 Rxd5
34. Nb3 Rd8 1/2-1/2

[Event "DVM U16 2007"]
[Site "Uelzen GER"]
[Date "2007.12.28"]
[Round "4"]
[White "Zhou, Syang"]
[Black "Lichmann, Peter"]
[Result "0-1"]
[Termination "normal"]
[Board "5.1"]
[WhiteElo "1940"]
[BlackElo "2324"]
[WhiteTeam "SF Deizisau"]
[BlackTeam "SV Werder Bremen"]
[PlyCount "48"]
[WhiteFideId "24636126"]
[BlackFideId "14111268"]
[EventCountry "GER"]
[EventRounds "7"]
[EventType "team-swiss"]
[EventDate "2007.12.26"]

1. e4 c5 2. Nf3 e6 3. d4 cxd4 4. Nxd4 a6 5. Nc3 Qc7 6. Bd3 Nf6 7. O-O b5 8. Be3
Bb7 9. a3 Be7 10. Qe2 O-O 11. Rad1 Nc6 12. f4 d6 13. Kh1 Na5 14. Bf2 Nd7 15.
Rfe1 Bf6 16. Bxb5 Bxd4 17. Bxd4 axb5 18. Nxb5 Qb8 19. Nxd6 Qxd6 20. Bxg7 Qxf4
21. Bxf8 Nxf8 22. Qb5 Bxe4 23. b4 Nc4 24. a4 Ne3 0-1

[Event "DVM U16 2007"]
[Site "Uelzen GER"]
[Date "2007.12.28"]
[Round "4"]
[White "Bart, Simon"]
[Black "Früchel, Marcel"]
[Result "1-0"]
[Termination "normal"]
[Board "5.2"]
[WhiteElo "1951"]
[BlackElo "1761"]
[WhiteTeam "SV Werder Bremen"]
[BlackTeam "SF Deizisau"]
[PlyCount "44"]
[WhiteFideId "24637327"]
[BlackFideId "24667218"]
[EventCountry "GER"]
[EventRounds "7"]
[EventType "team-swiss"]
[EventDate "2007.12.26"]

1. e4 e6 2. d4 d5 3. Nc3 Nf6 4. e5 Nfd7 5. Qg4 Qe7 6. Nf3 a6 7. Bd3 c5 8. Bg5
f6 9. exf6 Nxf6 10. Bxf6 gxf6 11. O-O Nc6 12. Rfe1 Qg7 13. Nxd5 Kd8 14. Qxg7
Bxg7 15. Nb6 Rb8 16. dxc5 e5 17. Rad1 Ke7 18. Nh4 Kf7 19. Bc4+ Be6 20. Rd7+ Ne7
21. Nf5 Bxc4 22. Rxe7+ Kg6 1-0

[Event "DVM U16 2007"]
[Site "Uelzen GER"]
[Date "2007.12.28"]
[Round "4"]
[White "Rempeli, Alex"]
[Black "Stelter, Frederik"]
[Result "1/2-1/2"]
[Termination "normal"]
[Board "5.3"]
[WhiteElo "1706"]
[BlackElo "1379"]
[WhiteTeam "SF Deizisau"]
[BlackTeam "SV Werder Bremen"]
[PlyCount "66"]
[WhiteFideId "24645931"]
[EventCountry "GER"]
[EventRounds "7"]
[EventType "team-swiss"]
[EventDate "2007.12.26"]

1. d4 d5 2. c4 e6 3. Nc3 Nf6 4. Nf3 b6 5. e3 Bb7 6. Bd3 Bd6 7. Qc2 h6 8. cxd5
Nxd5 9. e4 Nxc3 10. bxc3 c5 11. Ba3 cxd4 12. Bxd6 Qxd6 13. cxd4 Nd7 14. Rc1 Kd8
15. O-O Rc8 16. Qa4 a5 17. Rfe1 Rxc1 18. Rxc1 Ke7 19. Re1 Rc8 20. e5 Qc7 21.
Qa3+ Ke8 22. Nd2 Qc3 23. Qxc3 Rxc3 $11 24. Bb5 Bd5 25. a4 Kd8 26. h3 Nb8 27.
Ne4 Bxe4 28. Rxe4 Nc6 29. Rg4 g6 30. Rh4 h5 31. Kf1 Nb4 32. Rf4 Ke7 33. Ke2 Nd5
$11 1/2-1/2

[Event "DVM U16 2007"]
[Site "Uelzen GER"]
[Date "2007.12.28"]
[Round "4"]
[White "Sasse, Fabius"]
[Black "Rothengaß, Marc"]
[Result "1/2-1/2"]
[Termination "normal"]
[Board "5.4"]
[WhiteElo "1463"]
[BlackElo "1485"]
[WhiteTeam "SV Werder Bremen"]
[BlackTeam "SF Deizisau"]
[PlyCount "58"]
[WhiteFideId "24659657"]
[BlackFideId "24659606"]
[EventCountry "GER"]
[EventRounds "7"]
[EventType "team-swiss"]
[EventDate "2007.12.26"]

1. e4 e5 2. Nf3 Nc6 3. Bc4 Bc5 4. Nc3 d6 5. h3 h6 6. d3 Nf6 7. Be3 Bb6 8. Qd2
Bxe3 9. fxe3 Na5 10. Bb3 Nxb3 11. axb3 Be6 12. Qf2 Qd7 13. Ne2 a6 14. Ng3 O-O-O
15. d4 exd4 16. exd4 Qb5 17. d5 Bd7 18. Nd2 Qc5 19. Qxc5 dxc5 20. Ra5 Rhe8 21.
O-O Bb5 22. c4 Bd7 23. Re1 Re7 24. Nf3 Rde8 25. e5 Nh7 26. Raa1 Ng5 27. Re3 Kd8
28. Nxg5 hxg5 29. Rae1 b6 $11 1/2-1/2

[Event "DVM U16 2007"]
[Site "Uelzen GER"]
[Date "2007.12.28"]
[Round "4"]
[White "Wendling, Hannes"]
[Black "Stitterich, Nadine"]
[Result "0-1"]
[Termination "normal"]
[Board "6.1"]
[WhiteElo "2146"]
[BlackElo "1745"]
[WhiteTeam "SV Empor Erfurt"]
[BlackTeam "SV Stuttgart-Wolfbusch"]
[PlyCount "76"]
[WhiteFideId "24624284"]
[BlackFideId "24676527"]
[EventCountry "GER"]
[EventRounds "7"]
[EventType "team-swiss"]
[EventDate "2007.12.26"]

1. c4 Nf6 2. Nc3 g6 3. d4 Bg7 4. g3 O-O 5. Bg2 d6 6. e3 Nbd7 7. Nge2 e5 8. O-O
h6 9. Rb1 Nh7 10. b4 f5 11. a4 Ndf6 12. Ba3 e4 13. b5 g5 14. c5 g4 15. Nf4 Ng5
16. b6 axb6 17. cxd6 cxd6 18. Qb3+ Kh7 19. Qxb6 Ra6 20. Qb3 Nf3+ 21. Bxf3 gxf3
22. Rfc1 h5 23. h4 Bh6 24. Nb5 Bxf4 25. Rc7+ Kh6 26. exf4 Rb6 27. Ra1 Bd7 28.
Bxd6 Rg8 29. Be5 Be6 30. Qa3 Nd5 31. Kh2 Rg4 32. Rc5 Rxh4+ 33. Kg1 Qg8 34. Rxd5
Bxd5 35. Qe7 Rg4 36. Kh2 Rf6 37. Qd7 Rh4+ 38. Kg1 Rh3 0-1

[Event "DVM U16 2007"]
[Site "Uelzen GER"]
[Date "2007.12.28"]
[Round "4"]
[White "Lobmeyer, Fabian"]
[Black "Jacobi, Robin"]
[Result "0-1"]
[Termination "normal"]
[Board "6.2"]
[WhiteElo "1648"]
[BlackElo "1985"]
[WhiteTeam "SV Stuttgart-Wolfbusch"]
[BlackTeam "SV Empor Erfurt"]
[PlyCount "74"]
[WhiteFideId "24659681"]
[BlackFideId "24646962"]
[EventCountry "GER"]
[EventRounds "7"]
[EventType "team-swiss"]
[EventDate "2007.12.26"]

1. d4 Nf6 2. c4 g6 3. Nc3 d5 4. cxd5 Nxd5 5. e4 Nxc3 6. bxc3 c5 7. Bc4 Bg7 8.
Ne2 cxd4 9. cxd4 Nc6 10. Be3 O-O 11. O-O Na5 12. Bd3 b6 13. f3 Bb7 14. Rc1 e6
15. e5 Qe7 16. Ng3 Nc6 17. Ne4 Nb4 18. Bg5 Qd7 19. Bb1 Bxe4 20. fxe4 Rac8 21.
Qd2 Nc6 22. Rfd1 Na5 23. Bc2 Rc4 24. Bb3 Rxc1 25. Rxc1 Rc8 26. Rxc8+ Qxc8 27.
Bf4 Nxb3 28. axb3 Qa6 29. Qc3 Qb7 30. Qd3 Qc7 31. Qb5 h6 32. d5 Bxe5 33. Bxe5
Qxe5 34. Qd3 exd5 35. exd5 Qe1+ 36. Qf1 Qxf1+ 37. Kxf1 Kf8 0-1

[Event "DVM U16 2007"]
[Site "Uelzen GER"]
[Date "2007.12.28"]
[Round "4"]
[White "Balßuweit, Michael"]
[Black "Häcker, Katrin"]
[Result "0-1"]
[Termination "normal"]
[Board "6.3"]
[WhiteElo "1473"]
[BlackElo "1463"]
[WhiteTeam "SV Empor Erfurt"]
[BlackTeam "SV Stuttgart-Wolfbusch"]
[PlyCount "66"]
[BlackFideId "24667986"]
[EventCountry "GER"]
[EventRounds "7"]
[EventType "team-swiss"]
[EventDate "2007.12.26"]

1. e4 e5 2. Nf3 Nc6 3. d4 exd4 4. Nxd4 Bc5 5. Be3 Qf6 6. c3 Nge7 7. Be2 O-O 8.
O-O d5 9. Nxc6 Qxc6 10. exd5 Nxd5 11. Bxc5 Qxc5 12. Qb3 Nf4 13. Bf3 Qg5 14. Kh1
Bg4 15. Bxg4 Qxg4 16. Rg1 Nd3 17. Qc2 Qf5 18. Rf1 Rfe8 19. Na3 Re6 20. Rad1 Rd8
21. Nc4 Rd5 22. Kg1 Qe4 23. Ne3 Rg6 24. Rfe1 Rdg5 25. g3 Rd6 26. Nc4 Qxe1+ 27.
Rxe1 Nxe1 28. Qc1 Re6 29. f4 Rd5 30. Ne5 Nd3 31. Qd2 Red6 32. Nxd3 Rxd3 33. Qe2
Rd1+ 0-1

[Event "DVM U16 2007"]
[Site "Uelzen GER"]
[Date "2007.12.28"]
[Round "4"]
[White "Hamm, Lukas"]
[Black "König, Tobias Marius"]
[Result "1-0"]
[Termination "normal"]
[Board "6.4"]
[WhiteElo "1472"]
[BlackElo "1367"]
[WhiteTeam "SV Stuttgart-Wolfbusch"]
[BlackTeam "SV Empor Erfurt"]
[PlyCount "101"]
[WhiteFideId "24659690"]
[EventCountry "GER"]
[EventRounds "7"]
[EventType "team-swiss"]
[EventDate "2007.12.26"]

1. e4 d6 2. d4 Nf6 3. Nc3 g6 4. Nf3 Bg7 5. Bc4 O-O 6. O-O c6 7. a4 Bg4 8. h3
Bxf3 9. Qxf3 Nbd7 10. Rd1 Qc7 11. Bf4 e5 12. dxe5 dxe5 13. Bg5 h6 14. Be3 a6
15. Bb3 Qc8 16. Qg3 Qe8 17. Qxg6 Kh8 18. Qf5 Rb8 19. Rd2 Qe7 20. Rad1 Rbd8 21.
Rd3 b5 22. axb5 axb5 23. Qf3 Rc8 24. Rd6 b4 25. Ne2 c5 26. Bc4 Rb8 27. Ng3 Rfd8
28. Nf5 Qf8 29. b3 Rb7 30. Nxg7 Qxg7 31. Rxf6 Nxf6 32. Rxd8+ Kh7 33. Qf5+ Qg6
34. Qxg6+ fxg6 35. f3 Rc7 36. Rd6 Kg7 37. Bxh6+ Kxh6 38. Rxf6 Kg5 39. Re6 Kf4
40. Kf2 Rd7 41. g3+ Kg5 42. Rxe5+ Kf6 43. Re6+ Kg7 44. Ke2 Rc7 45. Bd5 Kh6 46.
Rc6 Ra7 47. e5 Rd7 48. Rd6 Re7 49. e6 Kg5 50. Rd7 Re8 51. Rf7 1-0

[Event "DVM U16 2007"]
[Site "Uelzen GER"]
[Date "2007.12.28"]
[Round "4"]
[White "Moshtael, Wesal"]
[Black "Dalakian, Haroutioun"]
[Result "1/2-1/2"]
[Termination "normal"]
[Board "7.1"]
[WhiteElo "2113"]
[BlackElo "2031"]
[WhiteTeam "SK Johanneum Eppendorf"]
[BlackTeam "Hamburger SK"]
[PlyCount "76"]
[WhiteFideId "24618551"]
[BlackFideId "24632058"]
[EventCountry "GER"]
[EventRounds "7"]
[EventType "team-swiss"]
[EventDate "2007.12.26"]

1. Nf3 Nf6 2. g3 e6 3. Bg2 b5 4. Nd4 d5 5. Nxb5 a6 6. N5a3 Be7 7. c4 O-O 8. O-O
c5 9. d3 Bb7 10. Nd2 Nbd7 11. b3 Qc7 12. Bb2 d4 13. Bxb7 Qxb7 14. e4 dxe3 15.
fxe3 e5 16. Nab1 Rad8 17. e4 Nb8 18. Qe2 Nc6 19. Nf3 Nd4 20. Bxd4 exd4 21. Nh4
g6 22. Nd2 Qd7 23. Ng2 Ng4 24. Nf3 Bd6 25. Nf4 Ne3 26. Nd5 Nxd5 27. cxd5 Rde8
28. Rae1 Bc7 29. Rf2 Ba5 30. Ref1 h6 31. Nh4 Bd8 32. Ng2 Bg5 33. h4 Be7 34. Qd2
Bd6 35. Qxh6 Bxg3 36. Rf3 Qh3 37. Rxg3 Qxg3 38. h5 Qh3 1/2-1/2

[Event "DVM U16 2007"]
[Site "Uelzen GER"]
[Date "2007.12.28"]
[Round "4"]
[White "Rabinovitch, Alexej"]
[Black "Ma, Beini"]
[Result "0-1"]
[Termination "normal"]
[Board "7.3"]
[WhiteElo "1674"]
[BlackElo "1953"]
[WhiteTeam "SK Johanneum Eppendorf"]
[BlackTeam "Hamburger SK"]
[PlyCount "144"]
[WhiteFideId "12921696"]
[BlackFideId "24630101"]
[EventCountry "GER"]
[EventRounds "7"]
[EventType "team-swiss"]
[EventDate "2007.12.26"]

1. Nc3 c5 2. Nf3 Nf6 3. d4 d5 4. Bf4 Nc6 5. e3 Bf5 6. Be2 e6 7. O-O a6 8. Re1
cxd4 9. exd4 Bd6 10. Bxd6 Qxd6 11. a3 Ne4 12. Bd3 Nxc3 13. bxc3 Bg6 14. c4 dxc4
15. Bxc4 O-O 16. c3 Rac8 17. Bd3 Ne7 18. Bxg6 hxg6 19. Qd3 Rfd8 20. Ne5 Nd5 21.
Rec1 Nb6 22. Qf3 Rc7 23. a4 Qd5 24. a5 Qxf3 25. Nxf3 Nc4 26. Rc2 Rd5 27. Rca2
Nd6 28. Rc2 Nb5 29. h4 Rxc3 30. Rxc3 Nxc3 31. Kf1 Nb5 32. Rc1 Kf8 33. Rc8+ Ke7
34. Rc4 f6 35. Ke2 Kd7 36. Ke3 Na7 37. Rb4 Kc7 38. Nd2 Nc6 39. Rc4 Rxa5 40. Ne4
Ra3+ 41. Rc3 Rxc3+ 42. Nxc3 Kd6 43. g4 b5 44. f4 b4 45. Na4 Na5 46. Nc5 b3 47.
Kd3 b2 48. Kc2 Nc6 49. Kxb2 Nxd4 50. Nxa6 Ne2 51. f5 gxf5 52. gxf5 exf5 53. Kc2
f4 54. Kd3 Ng3 55. Nb4 Ke5 56. Kd2 Kf5 57. Nd3 Kg4 58. Ke1 Nh5 59. Kf2 Kxh4 60.
Kf3 g5 61. Nf2 f5 62. Kg2 g4 63. Kg1 g3 64. Nd3 f3 65. Ne5 f2+ 66. Kg2 Nf4+ 67.
Kf1 Kh3 68. Nf3 Nd3 69. Ng5+ Kh2 70. Nf3+ Kh1 71. Nh4 f4 72. Ke2 g2 0-1

[Event "DVM U16 2007"]
[Site "Uelzen GER"]
[Date "2007.12.28"]
[Round "4"]
[White "Daedrich, Timo"]
[Black "Von Kügelgen, Julius"]
[Result "1-0"]
[Termination "normal"]
[Board "7.4"]
[WhiteElo "1432"]
[BlackElo "1532"]
[WhiteTeam "Hamburger SK"]
[BlackTeam "SK Johanneum Eppendorf"]
[PlyCount "57"]
[BlackFideId "24657468"]
[EventCountry "GER"]
[EventRounds "7"]
[EventType "team-swiss"]
[EventDate "2007.12.26"]

1. e4 c5 2. Nf3 e6 3. d4 cxd4 4. Nxd4 Nf6 5. Nc3 d6 6. g4 h6 7. Be3 a6 8. f3 b5
9. Qd2 Nbd7 10. O-O-O Nb6 11. h4 Bb7 12. h5 Be7 13. Bd3 Nfd7 14. Rdg1 b4 15.
Nd1 d5 16. g5 hxg5 17. Bxg5 Bxg5 18. Rxg5 Qf6 19. Qe3 Nc5 20. Rhg1 dxe4 21.
fxe4 Nxd3+ 22. cxd3 Rc8+ 23. Kb1 Nd7 24. Rxg7 Rxh5 25. Rg8+ Nf8 26. Nb3 Rh2 27.
e5 Qf5 28. Qd4 Rd8 29. Rxf8+ 1-0

[Event "DVM U16 2007"]
[Site "Uelzen GER"]
[Date "2007.12.28"]
[Round "4"]
[White "Meyer, Jens"]
[Black "Kachibadze, Georg"]
[Result "0-1"]
[Termination "normal"]
[Board "8.1"]
[WhiteElo "1545"]
[BlackElo "2085"]
[WhiteTeam "SC Réti Heusweiler"]
[BlackTeam "TuS Makkabi Berlin"]
[PlyCount "94"]
[WhiteFideId "4657993"]
[BlackFideId "24640794"]
[EventCountry "GER"]
[EventRounds "7"]
[EventType "team-swiss"]
[EventDate "2007.12.26"]

1. e4 c5 2. d3 g6 3. g3 Bg7 4. Bg2 Nc6 5. Nc3 e6 6. Nge2 Nge7 7. O-O O-O 8. Rb1
d6 9. a3 Nd4 10. b3 Nec6 11. Bb2 Rb8 12. Nxd4 Nxd4 13. Ne2 Nxe2+ 14. Qxe2 Bxb2
15. Rxb2 b5 16. c4 Qa5 17. Ra1 Qc3 18. Qd2 Qd4 19. Rab1 Bd7 20. Bf1 f5 21. Rd1
Rf7 22. Qe2 Rbf8 23. Bh3 e5 24. Bf1 f4 25. Rdd2 h5 26. gxf4 Rxf4 27. Bg2 Kg7
28. Qe3 Qc3 29. f3 h4 30. Rdc2 Qa5 31. Ra2 h3 32. Bh1 Qd8 33. Rf2 Be6 34. Rac2
Qa5 35. Qc1 g5 36. Kf1 Qd8 37. Qe3 Qf6 38. Ke1 Qg6 39. Kf1 g4 40. fxg4 Qxg4 41.
Qg3 Kh6 42. Qxg4 Bxg4 43. Rxf4 Rxf4+ 44. Ke1 Bd7 45. Rf2 Rxf2 46. Kxf2 b4 47.
a4 Bxa4 0-1

[Event "DVM U16 2007"]
[Site "Uelzen GER"]
[Date "2007.12.28"]
[Round "4"]
[White "Kropman, Alexei"]
[Black "Wilhelm, Robin"]
[Result "1/2-1/2"]
[Termination "normal"]
[Board "8.2"]
[WhiteElo "1912"]
[BlackElo "1415"]
[WhiteTeam "TuS Makkabi Berlin"]
[BlackTeam "SC Réti Heusweiler"]
[PlyCount "87"]
[WhiteFideId "24670723"]
[BlackFideId "4659627"]
[EventCountry "GER"]
[EventRounds "7"]
[EventType "team-swiss"]
[EventDate "2007.12.26"]

1. e4 c5 2. Nc3 Nc6 3. f4 d6 4. Nf3 Nf6 5. Bb5 Bd7 6. d3 e5 7. Bxc6 Bxc6 8.
fxe5 Ng4 9. Bg5 Be7 10. Bxe7 Qxe7 11. exd6 Qxd6 12. Qd2 O-O 13. O-O-O b5 14.
Rdf1 b4 15. Nd1 a5 16. h3 Ne5 17. Nxe5 Qxe5 18. Ne3 Qe6 19. Kb1 Qh6 20. Nc4
Qxd2 21. Nxd2 f5 22. Rf3 fxe4 23. dxe4 Rae8 24. Re1 Re6 25. Rfe3 Rfe8 26. g3
Kf7 27. e5 Bd5 28. Ne4 Bxe4 29. Rxe4 Kg6 30. Kc1 Rd8 31. c4 Rd4 32. Rxd4 cxd4
33. Kd2 Kf5 34. Kd3 Rxe5 35. Rxe5+ Kxe5 36. c5 Kd5 37. c6 Kxc6 38. Kxd4 Kd6 39.
Kc4 Kc6 40. b3 g5 41. g4 h6 42. Kd4 Kd6 43. Ke4 Ke6 44. Kd4 1/2-1/2

[Event "DVM U16 2007"]
[Site "Uelzen GER"]
[Date "2007.12.28"]
[Round "4"]
[White "Wilhelm, Kevin"]
[Black "Paris, Grigori"]
[Result "0-1"]
[Termination "normal"]
[Board "8.3"]
[WhiteElo "1187"]
[BlackElo "1442"]
[WhiteTeam "SC Réti Heusweiler"]
[BlackTeam "TuS Makkabi Berlin"]
[PlyCount "106"]
[BlackFideId "24651303"]
[EventCountry "GER"]
[EventRounds "7"]
[EventType "team-swiss"]
[EventDate "2007.12.26"]

1. e4 c5 2. Nf3 d6 3. c3 Nc6 4. Bb5 Bd7 5. O-O Ne5 6. Bxd7+ Nxd7 7. Ng5 h6 8.
Nf3 g6 9. d4 Bg7 10. Be3 Ngf6 11. Qb3 b6 12. Nfd2 O-O 13. h3 Rc8 14. e5 dxe5
15. dxe5 Nxe5 16. Rd1 Qc7 17. Bf4 Nf3+ 18. Nxf3 Qxf4 19. a4 Qc7 20. Na3 c4 21.
Qb4 Qc5 22. Qb5 Ne4 23. Qxc5 Nxc5 24. Nxc4 Nb3 25. Ra3 Rxc4 26. Rxb3 Rxa4 27.
Rd7 e6 28. Nd4 Bxd4 29. cxd4 Rc8 30. Rf3 f5 31. Rd6 Kf7 32. Re3 Re8 33. Kh2 Rb4
34. b3 g5 35. Rd7+ Re7 36. Rd6 f4 37. Rf3 Kf6 38. d5 Ke5 39. Rxe6+ Rxe6 40.
dxe6 Kxe6 41. Kg1 Ke5 42. Kf1 Ke4 43. Ke2 a5 44. Rc3 b5 45. Kd2 a4 46. bxa4
Rxa4 47. Rc6 b4 48. Rxh6 Ra2+ 49. Ke1 b3 50. Rb6 Rb2 51. Rd6 Rc2 52. Kd1 Rxf2
53. Rc6 b2 0-1

[Event "DVM U16 2007"]
[Site "Uelzen GER"]
[Date "2007.12.28"]
[Round "4"]
[White "Sawlin, Leonid"]
[Black "Meiser, Michael"]
[Result "0-1"]
[Termination "normal"]
[Board "8.4"]
[WhiteElo "1520"]
[BlackElo "1451"]
[WhiteTeam "TuS Makkabi Berlin"]
[BlackTeam "SC Réti Heusweiler"]
[PlyCount "100"]
[WhiteFideId "4689542"]
[BlackFideId "24659762"]
[EventCountry "GER"]
[EventRounds "7"]
[EventType "team-swiss"]
[EventDate "2007.12.26"]

1. e4 c5 2. Nf3 Nc6 3. d4 cxd4 4. Nxd4 g6 5. Nc3 Bg7 6. Be3 Nf6 7. Bc4 O-O 8.
f3 Qb6 9. Bb3 Qb4 10. Nxc6 bxc6 11. Qd2 Rd8 12. O-O d5 13. e5 Ne8 14. a3 Qb7
15. Bd4 Qc7 16. Qe3 Bb7 17. Rad1 Rac8 18. Qf4 c5 19. Bf2 Bxe5 20. Qh4 d4 21.
Ne4 Bxe4 22. Qxe4 Bxh2+ 23. Kh1 Nf6 24. Qh4 Be5 25. g3 Qb7 26. Kg2 c4 27. Ba4
Qxb2 28. f4 Bc7 29. f5 Qxa3 30. Bb5 Qc5 31. Rb1 Qxf5 32. Bxc4 Qxc2 33. Rbc1
Qe4+ 34. Qxe4 Nxe4 35. Rcd1 Nxf2 36. Rxf2 e6 37. Rdf1 Rf8 38. Kh3 Bxg3 39. Rc2
Bd6 40. Kg2 Rc7 41. Rfc1 Rfc8 42. Kf3 a5 43. Ke4 e5 44. Kd5 Rd8 45. Ke4 Kg7 46.
Rd1 f5+ 47. Kd3 Bb4 48. Ke2 Bc3 49. Bb5 Rb7 50. Bc6 Rb6 0-1

[Event "DVM U16 2007"]
[Site "Uelzen GER"]
[Date "2007.12.28"]
[Round "4"]
[White "Hinz, Arne"]
[Black "Meißner, Felix"]
[Result "0-1"]
[Termination "normal"]
[Board "9.1"]
[WhiteElo "1968"]
[BlackElo "2047"]
[WhiteTeam "SG Bochum"]
[BlackTeam "SC Leipzig-Gohlis"]
[PlyCount "58"]
[WhiteFideId "24634875"]
[BlackFideId "24671827"]
[EventCountry "GER"]
[EventRounds "7"]
[EventType "team-swiss"]
[EventDate "2007.12.26"]

1. e4 c5 2. c4 Nc6 3. Nc3 g6 4. g3 Bg7 5. Bg2 d6 6. Nge2 e5 7. O-O Nge7 8. d3
O-O 9. f4 f5 10. a3 a5 11. Rb1 Rb8 12. Bd2 Bd7 13. Nb5 Be6 14. Nec3 Nd4 15.
Nxd4 exd4 16. Nd5 fxe4 17. Nxe7+ Qxe7 18. Bxe4 b5 19. Qc2 bxc4 20. dxc4 Qf7 21.
Rfc1 Qa7 22. Qa4 d3 23. Bc3 d2 24. Bxd2 Bxb2 25. Rd1 Bd4+ 26. Kg2 Qf7 27. Qxa5
Bxc4 28. Bc3 Rxb1 29. Rxb1 Bd5 0-1

[Event "DVM U16 2007"]
[Site "Uelzen GER"]
[Date "2007.12.28"]
[Round "4"]
[White "Doberitz, Paul"]
[Black "Butschek, Marc"]
[Result "1-0"]
[Termination "normal"]
[Board "9.2"]
[WhiteElo "2077"]
[BlackElo "1665"]
[WhiteTeam "SC Leipzig-Gohlis"]
[BlackTeam "SG Bochum"]
[PlyCount "83"]
[WhiteFideId "24646130"]
[BlackFideId "4630904"]
[EventCountry "GER"]
[EventRounds "7"]
[EventType "team-swiss"]
[EventDate "2007.12.26"]

1. e4 e5 2. Nf3 Nf6 3. Nxe5 d6 4. Nf3 Nxe4 5. Nc3 Nxc3 6. dxc3 Be7 7. Bf4 O-O
8. Qd2 Nc6 9. O-O-O Be6 10. Kb1 Qd7 11. Ng5 Bxg5 12. Bxg5 Ne5 13. h3 f6 14. Bh4
Qf7 15. b3 a5 16. f4 Ng6 17. Bf2 a4 18. Bd3 axb3 19. cxb3 Ra5 20. Rhe1 Nxf4 21.
Qxf4 Bxb3 22. Rd2 Rfa8 23. c4 Bxa2+ 24. Kc1 d5 25. Bf5 Kh8 26. Be6 Qe7 27. Bxd5
Qa3+ 28. Kd1 Qa4+ 29. Kc1 c6 30. Bf7 Qb4 31. Kd1 Bb3+ 32. Ke2 Re5+ 33. Kf1
Rxe1+ 34. Bxe1 Qe7 35. Bh5 g5 36. Qd4 Qe5 37. Qxe5 fxe5 38. c5 Bc4+ 39. Kf2 Bd5
40. Rb2 Rb8 41. Bc3 Rf8+ 42. Kg3 1-0

[Event "DVM U16 2007"]
[Site "Uelzen GER"]
[Date "2007.12.28"]
[Round "4"]
[White "Golosnyak, Alexander"]
[Black "Heistermann, Till"]
[Result "0-1"]
[Termination "normal"]
[Board "9.3"]
[WhiteElo "1390"]
[BlackElo "1700"]
[WhiteTeam "SG Bochum"]
[BlackTeam "SC Leipzig-Gohlis"]
[PlyCount "146"]
[WhiteFideId "24659703"]
[EventCountry "GER"]
[EventRounds "7"]
[EventType "team-swiss"]
[EventDate "2007.12.26"]

1. e4 c5 2. Nf3 e6 3. d4 cxd4 4. Nxd4 a6 5. Nc3 Qc7 6. Be3 Nf6 7. f3 Be7 8. Bd3
b5 9. Nce2 d6 10. Qd2 Bb7 11. O-O-O Nbd7 12. Kb1 Ne5 13. Ng3 Nc4 14. Bxc4 Qxc4
15. Qe2 Qxe2 16. Ndxe2 d5 17. e5 Nd7 18. f4 O-O-O 19. Rd3 Kb8 20. Rhd1 h5 21.
a3 h4 22. Ne4 Bc6 23. Nf2 Ka8 24. Rc3 Bb7 25. Rb3 g5 26. h3 Rhg8 27. Ng4 gxf4
28. Bxf4 f5 29. Ne3 Rc8 30. Nd4 Rg6 31. Rg1 Rcg8 32. Rd3 Nf8 33. Rd2 Kb8 34.
Rd3 Kc7 35. Ka2 Kb6 36. b4 Nd7 37. Kb2 Ka7 38. Rc3 Bd8 39. Rd3 Nb6 40. Rd2 Nc4+
41. Nxc4 dxc4 42. Be3 Kb8 43. Re2 Bd5 44. Bf4 Kb7 45. Be3 Bb6 46. c3 Bxd4 47.
Bxd4 Rxg2 48. Rexg2 Rxg2+ 49. Rxg2 Bxg2 50. Bf2 Bxh3 51. Bxh4 Kc6 52. Kc2 Kd5
53. Bf6 Ke4 54. Kd1 Kd3 55. Bg5 Kxc3 56. Bd2+ Kb3 57. Kc1 Bg2 58. Kb1 Be4+ 59.
Ka1 Kxa3 60. Bc3 Kb3 61. Be1 c3 62. Bd2 Kc4 63. Bc1 Kxb4 64. Ba3+ Kc4 65. Ka2
f4 66. Bc1 f3 67. Be3 Kd3 68. Bg1 Ke2 69. Kb3 c2 70. Be3 Kxe3 71. Kb2 Kd2 72.
Kb3 c1=Q 73. Kb4 Qc3# 0-1